Návrh modulu pre CMS systém Wordpress

Salvato in:
Dettagli Bibliografici
Autore principale: Polák, Patrik (Autore)
Altri autori: Bezák, Pavol (Relatore della tesi)
Natura: Manoscritto Libro
Lingua:slovacco
Pubblicazione: 2017
Soggetti:
Accesso online:http://is.stuba.sk/zp/portal_zp.pl?podrobnosti=115171
Tags: Aggiungi Tag
Nessun Tag, puoi essere il primo ad aggiungerne!!

MARC

LEADER 00000ntm a22000003a 4500
001 stuzp60751
003 SK-STU
005 20170701210345.4
007 ta
008 150427s2015----xo-----f-mn---000-0-slo-d
040 |a STU  |b slo 
041 0 |a slo 
100 1 |a Polák, Patrik  |u 066000  |4 aut  |U MTF Materiálovotechnologická fakulta  |T MTF Ústav aplikovanej informatiky, automatizácie a mechatroniky  |X 73501  |U M6000  |Y 86  |7 73501 
242 0 1 |a Module design for CMS Wordpress  |y eng 
245 1 0 |a Návrh modulu pre CMS systém Wordpress 
260 |c 2017 
650 4 |a modul  |2 slo 
650 4 |a atribút  |2 slo 
650 4 |a databáza  |2 slo 
650 4 |a UML  |2 slo 
650 4 |a module  |2 eng 
650 4 |a atributte  |2 eng 
650 4 |a database  |2 eng 
650 4 |a UML  |2 eng 
700 1 |a Bezák, Pavol  |u 067000  |k Z2  |4 ths  |U MTF Materiálovotechnologická fakulta  |T MTF Ústav výskumu progresívnych technológií  |X 2805  |U MN7000  |Y 87  |7 A000002805 
856 4 |u http://is.stuba.sk/zp/portal_zp.pl?podrobnosti=115171 
996 |c M* BP-8031  |l MMSKP  |s P  |a 0  |w stuzp60751_0001